000 00406cam a2200157ua 4500
041 _aeng
_h
082 _a514.192
_bHAR/GU
100 _aHarrison, Kenneth .
245 _aGuide-book to biochemistry /
_cKenneth Harrison.
_hTextual Documents
250 _a2 /
_b.
260 _aCambridge :
_bCambridge University Press ,
_c1968.
300 _a152 ; .
504 _a
942 _cBK
999 _c9617
_d9617